Srimad Bhagavata Maha Puranam / (Record no. 102538)

MARC details
000 -LEADER
fixed length control field 00543nam a22001817a 4500
005 - DATE AND TIME OF LATEST TRANSACTION
control field 20160819122255.0
010 ## - LCCN (DPL NO)
LC control number ENG-115783
020 ## - INTERNATIONAL STANDARD BOOK NUMBER
International Standard Book Number 9788179506349
Terms of availability 300.00
035 ## - SYSTEM CONTROL NUMBER
System control number EN-99315
037 ## - SOURCE OF ACQUISITION
Source of stock number/acquisition DBAD/PUB
082 ## - DEWEY DECIMAL CLASSIFICATION NUMBER
Classification number 230.2
245 ## - TITLE STATEMENT
Title Srimad Bhagavata Maha Puranam /
Statement of responsibility, etc Compilid by T.K. Venkataraman
260 ## - PUBLICATION, DISTRIBUTION, ETC. (IMPRINT)
Place of publication, distribution, etc Mumbai
Name of publisher, distributor, etc Giri Trading Egency
Date of publication, distribution, etc 2014
270 ## - ADDRESS
Address Modi Niwas,opp. Post office,Matunga
City Mumbai
Postal code 400019
300 ## - PHYSICAL DESCRIPTION
Extent 352p.
Dimensions 24Cm(pbk)
700 ## - ADDED ENTRY--PERSONAL NAME
Personal name T.K.Venkataraman
942 ## - ADDED ENTRY ELEMENTS (KOHA)
Source of classification or shelving scheme Dewey Decimal Classification
Item type English Books
Classification part 230.2
Call number suffix SRI
Holdings
Withdrawn status Lost status Not for loan Collection code Home library Current library Date acquired Source of acquisition Cost, normal purchase price Full call number Barcode Copy number Cost, replacement price Koha item type
    Not For Loan Non-fiction D.B.Act.Division Bawana 19/08/2016 DBAD/PUB 300.00 230.2 SRI EN-99315 1 300.00 English Books

© Delhi Public Library
Hit Counter
free hit counter